000
00345nam a2200121Ia 4500
003
GCL
008
140319s9999 xx 000 0 ara d
040
_a
GCL /
_c
GCL
082
0
4
_a
296.6
_b
م ص
245
1
0
_a
الصهيونية فى الستينات : الفاتيكان واليهود
300
_a
313 ص
490
_a
من الشرق والغرب
_v
0
999
_c
39833
_d
39833